000 00447nam a2200145Ia 4500
005 20241213050111.0
008 240331s9999 xx 000 0 und d
082 _bUDA
_a823
100 _aUdugama, S
245 4 _aThe holiday
260 _aColombo
_bSwastika ( Pvt) Limited
_c1987
300 _a68 P .,
500 _aThe Holiday is an Adventure story which takes you to many Beautiful Places in Sri Lanka as well as to its underworld.
942 _cL
999 _c3368
_d3368